000 00863nam a22002297a 4500
999 _c20440
_d20440
003 AR-CdUCM
008 190530b ||||| |||| 00| 0 spa d
020 _a0132469340
040 _aMUNICIPALIDAD PROVINCIAL DEL CUSCO
_cBIBLIOTECA MUNICIPAL DEL CUSCO
082 _a507 /
_bV25
100 _aVandermeulen, Daniel C.
_942738
245 _aEl análisis lineal en la teoría económica /
260 _aBogotá :
_bprentice/Hall internacional,
_c1973.
300 _a521 páginas ;
_bGráficos
_c25 cm
505 _aContenido : Las técnicas de programación lineal aplicadas a la teoría de la firma -- Modelos económicos de la firma -- Teoria del consumidor...
650 _aEcuaciones lineales
_923669
650 _aGeometría
_918656
650 _aTeoria del consumidor
_942739
700 _aFerrero, Fernando
_942740
942 _2ddc
_cLIBROS
945 _arcc